Social context of educational development (Record no. 1689)

MARC details
000 -LEADER
fixed length control field 00551cam a2200205ua 4500
001 - CONTROL NUMBER
control field 1806
005 - DATE AND TIME OF LATEST TRANSACTION
control field 20260515113411.0
008 - FIXED-LENGTH DATA ELEMENTS--GENERAL INFORMATION
fixed length control field 110811n ii |||gr||||Z||||||eng
020 ## - INTERNATIONAL STANDARD BOOK NUMBER
International Standard Book Number 81-7141-193-2
040 ## - CATALOGING SOURCE
Transcribing agency MAIN
082 ## - DEWEY DECIMAL CLASSIFICATION NUMBER
Classification number 370.1
100 ## - MAIN ENTRY--PERSONAL NAME
Personal name Francis, K.,
Relator term Author.
245 1# - TITLE STATEMENT
Title Social context of educational development
Statement of responsibility, etc. by K. Francis
250 ## - EDITION STATEMENT
Edition statement 1st.
260 ## - PUBLICATION, DISTRIBUTION, ETC.
Place of publication, distribution, etc. New Delhi:
Name of publisher, distributor, etc. Discovery publishing house,993.
300 ## - PHYSICAL DESCRIPTION
Extent xi; 319p:
Dimensions 23cm.
653 ## - INDEX TERM--UNCONTROLLED
Uncontrolled term Education
653 ## - INDEX TERM--UNCONTROLLED
Uncontrolled term Social context of educational development
942 ## - ADDED ENTRY ELEMENTS (KOHA)
Koha item type Books
Holdings
Withdrawn status Lost status Damaged status Not for loan Home library Current library Shelving location Date acquired Total checkouts Full call number Barcode Date last seen Copy number Price effective from Koha item type
        Naharkatiya College Library Naharkatiya College Library General stacks 09/19/2020   370.1 | FRA 11176 09/19/2020 1 09/19/2020 Books